000 01576cam a2200325 a 4500
999 _c22422
_d256922
001 649827244
003 OCoLC
005 20210306174422.0
008 100721s2011 njua b 001 0 eng
010 _a2010028534
015 _aGBB0B4704
_2bnb
016 7 _a015655149
_2Uk
020 _a9789810687120
020 _a0132128195 (9780132128193 : alk. paper)
020 _a9781292178608
035 _a.b69949116
040 _aDLC
_cDLC
_dYDX
_dUKM
_dCDX
_dYDXCP
_dNRC
_dWS2
_dBWX
_dIG#
_dUKMGB
_dUtOrBLW
049 _aOSUU
050 0 0 _aTA355
_b.R37 2011
082 0 0 _a620.3
_222
_bRSM
100 1 _aRao, S. S.
_911727
245 1 0 _aMechanical vibrations /
_cSingiresu S. Rao.
250 _a5th ed.
260 _aUpper Saddle River, N.J. :
_bPrentice Hall,
_cc2011.
300 _axx, 1084 p. :
_bill. ;
_c24 cm.
504 _aIncludes bibliographical references and index.
505 0 _aFundamentals of vibration -- Free vibration of single degree of freedom systems -- Harmonically excited vibration -- Vibration under general forcing conditions -- Two degree of freedom systems -- Multidegree of freedom systems -- Determination of natural frequencies and mode shapes -- Continuous sytems -- Vibration control -- Vibration measurement and applications -- Numerical integration methods in vibration analysis -- Finite element method -- Nonlinear vibration -- Random vibration -- Appendices: Mathematical relationships; Deflectins of beams and plates; Matrices; Laplace transform pairs; Units; Introduction to MATLAB.
650 0 _aVibration.
_94489
942 _2ddc
_cBOOK